Birds of Uganda. (Record no. 7921)

MARC details
000 -LEADER
fixed length control field 00462nam a22001817a 4500
003 - CONTROL NUMBER IDENTIFIER
control field OSt
005 - DATE AND TIME OF LATEST TRANSACTION
control field 20220802095340.0
008 - FIXED-LENGTH DATA ELEMENTS--GENERAL INFORMATION
fixed length control field 220802b ||||| |||| 00| 0 eng d
020 ## - INTERNATIONAL STANDARD BOOK NUMBER
International Standard Book Number 9789970837379
040 ## - CATALOGING SOURCE
Transcribing agency ddc
082 ## - DEWEY DECIMAL CLASSIFICATION NUMBER
Classification number 598.967 MEU 2019
100 ## - MAIN ENTRY--PERSONAL NAME
Personal name Quentin, Meunier; Sherry, McKelvie
9 (RLIN) 16096
245 ## - TITLE STATEMENT
Title Birds of Uganda.
300 ## - PHYSICAL DESCRIPTION
Extent 370p.:
Other physical details col ill;
Dimensions 15cm
504 ## - BIBLIOGRAPHY, ETC. NOTE
Bibliography, etc Includes Index.
650 ## - SUBJECT ADDED ENTRY--TOPICAL TERM
Topical term or geographic name as entry element Birds of Uganda.
9 (RLIN) 16097
942 ## - ADDED ENTRY ELEMENTS (KOHA)
Source of classification or shelving scheme Dewey Decimal Classification
Koha item type Book
Holdings
Withdrawn status Lost status Source of classification or shelving scheme Damaged status Not for loan Home library Current library Date acquired Source of acquisition Inventory number Total Checkouts Full call number Barcode Date last seen Price effective from Koha item type
    Dewey Decimal Classification     MUST Main Library MUST Main Library 02/08/2022 Purchase 22/41927   598.967 MEU 2019 2022-0723 02/08/2022 02/08/2022 Book
    Dewey Decimal Classification     MUST Main Library MUST Main Library 02/08/2022 Purchase 22/41926   598.967 MEU 2019 2022-0724 02/08/2022 02/08/2022 Book